MDQL
is popping MORE tags! Check the
thread
!
Quizzes
Events
Quiz Creation
Community
Videos
Private Events
Remove Ads
Sign In
Join for FREE
Feedback
Dark Mode
Quiz Categories
Sports
Geography
Music
Movies
Television
Just For Fun
Miscellaneous
History
Literature
Language
Science
Gaming
Entertainment
Religion
Holiday
For Kids
Quiz Lab
Recent
Popular Today
Quiz Kudos Today
Editor Picks
Curator Picks
Quizzes by...
Day
Popularity
Type
Ratings
Length
Year
Community
Subscriptions
Recent Discussions
Orange Saloon
Badges
Playlists
Quests
Create
Leaderboards
Showdown
Live 5
Trivia Bingo
Activity
Puzzle Library
Sporcle Events
Private Events
Virtual Trivia
Globe League
Become a Host
Pub Owners
SporcleCon
Opinionation
Our Games
Videos
Blog
Mobile Apps
Partnerships
Remove Ads and Go Orange
Feedback
Sports
Athletes
MLB
NBA
NHL
NFL
Soccer
Sports Teams
WWE
NCAA
Football
Premier League
Basketball
Baseball
Hockey
Golf
Tennis
Cricket
Rugby
Auto Racing
Olympics
World Cup
Sports
Athletes
MLB
NBA
NHL
NFL
Soccer
Sports Teams
WWE
NCAA
Football
Premier League
Basketball
Baseball
Hockey
Golf
Tennis
Cricket
Rugby
Auto Racing
Olympics
World Cup
Random Quiz
Search Sporcle
×
Quiz Lab
Quiz Lab
Sports
Board Games
Type in answers that appear in a list
Type in answers that appear in a list
Classic
Best Score? Go Orange.
AFL 300 Game Players Stats
Can you name the AFL 300 Game Players (as of end of 2012 season)?
By
tommythecat00
20m
67 Questions
410 Plays
410 Plays
410 Plays
Comments
Comments
Give Quiz Kudos
Give Quiz Kudos
-
- Ratings
hide this ad
Replay
Link that replays current quiz
Next Quiz
Link to next quiz in quiz playlist
You Got
0%
They Got
Avg Score
57%
Avg Friend Score
Upgrade to see
Score Distribution
Jump to the score distribution portion of the page
Score
0/67
Timer
20:00
0
Plays Today
Team
Player
% Correct
North Melbourne
Brent Harvey
95.8%
St Kilda
Robert Harvey
95.6%
Hawthorn
Michael Tuck
94.9%
Essendon
Dustin Fletcher
91.2%
Richmond
Kevin Bartlett
90.2%
Western Bulldogs
Brad Johnson
80.2%
Carlton
Craig Bradley
78%
Sydney
Adam Goodes
76%
Essendon
Simon Madden
75.9%
Essendon, Carlton
Justin Madden
75.6%
Fitzroy, Sydney
Paul Roos
75.4%
Adelaide
Andrew McLeod
74.9%
Brisbane
Simon Black
73.1%
Western Bulldogs
Chris Grant
71%
Essendon, Port Adelaide
Gavin Wanganeen
71%
Sydney, North Melbourne
Shannon Grant
70.7%
Footscray, Fitzroy
Doug Hawkins
70.5%
Western Bulldogs
Rohan Smith
70.2%
Hawthorn
Leigh Matthews
65.6%
Brisbane, Western Bulldogs
Jason Akermanis
65.6%
Adelaide
Mark Ricciuto
65.4%
Geelong
John 'Sam' Newman
64.9%
Western Bulldogs
Scott West
64.4%
Adelaide
Tyson Edwards
64.1%
Footscray
Ted Whitten
63.2%
Footscray, Fitzroy
Bernie Quinlan
62.7%
Brisbane/
GWS
Luke Power
62.5%
Carlton
Bruce Doull
61.7%
Fitzroy, Brisbane
Alastair Lynch
61.2%
Hawthorn
Shane Crawford
59.8%
Essendon, Hawthorn
Paul Salmon
59.5%
Adelaide
Ben Hart
59%
Collingwood, Sydney
Paul Williams
58.8%
St Kilda
Stewart Loewe
57.8%
Team
Player
% Correct
North Melbourne
Glenn Archer
57.8%
Richmond, Collingwood
David Cloke
57.6%
St Kilda
Nathan Burke
57.3%
Fitzroy, North Melbourne
John Blakey
56.1%
Essendon, Brisbane
Roger Merrett
55.6%
Essendon
Tim Watson
53.9%
Melbourne
David Neitz
53.9%
Collingwood
Tony Shaw
52.9%
Fitzroy
Kevin Murray
52.2%
North Melbourne
Adam Simpson
52%
Sydney
Jude Bolton
51.2%
South Melbourne, Essendon
Terry Daniher
50%
Carlton
Stephen Silvagni
50%
Collingwood
Gordon Coventry
50%
Geelong
Ian Nankervis
49.5%
Sydney
Michael O'Loughlin
46.6%
Essendon
Dick Reynolds
46.3%
Brisbane
Marcus Ashcroft
45.6%
North Melbourne, Carlton
Michael Martyn
45.1%
Carlton
John Nicholls
44.6%
Richmond
Jack Dyer
44.4%
North Melbourne
Wayne Schimmelbusch
42.9%
Footscray, North Melbourne
Gary Dempsey
41.5%
Hawthorn
Chris Langford
41.2%
Footscray, South Melbourne/
Sydney
Barry Round
40.5%
South Melbourne, North Melbourne, Fitzroy
John Rantall
36.8%
Collingwood, South Melbourne, Fitzroy
Len Thompson
36.8%
Richmond
Francis Bourke
35.4%
Hawthorn
Don Scott
33.7%
St Kilda
Barry Breen
29.5%
Hawthorn
Kelvin Moore
27.3%
Essendon
Garry Foulds
27.1%
St Kilda, Hawthorn
Russell Greene
26.1%
Quiz Playlist
Details
Report
Send in Message
Add To Playlist
Classic:
Type in answers that appear in a list
Last Updated: Feb 16, 2017
Quiz Scoreboard
CHALLENGE
Sign Up to Join the Scoreboard
Show All
Scores
Hide
Comments
May contain spoilers
Recently Published
Colored Red Africa Blitz
by spor1
Geography
30s
Find the 'City' Movie
by crazypaving
Movies
60s
5x2 Blitz: Bands
by SL_Kpop136
Music
30s
More to Explore
Quiz From the Vault
Featured Blog Post
14 Easter Pick-up Lines to Find Eggs With
hide this ad
You Might Also Like...
Tags
Board Games Quiz
2010
300
AFL
April
Player
team
Today's Top Quizzes in Sports
Browse Sports
hide this ad
Today's Top Quizzes in Board Games
Browse Board Games
Top Contributed Quizzes in Sports
1
Players with Multiple 50 Home Run Seasons
2
Les entraîneurs de l'OM et du PSG au 21e siècle
3
Criteria MLB: Left Handed Sluggers
4
2022 World Cup Stars
5
Les meilleurs buteurs des matchs entre le PSG et l’OM
6
Who Hit More Homers?
7
Les joueurs passés par le PSG et l'OM
8
NBA Logic Puzzle 2.0
9
Top 10 NHL Goal Scorers of All Time
10
MLB Players with Two .350 Batting Average Seasons
Explore More
Trending Topics
Disney
Crossword
Harry Potter
NBA
Marvel
Anime
Kpop
Puzzle
The Office
WWE
NFL
Song
Soccer
Country
Pokémon
hide this ad
More By:
tommythecat00
Quiz
Plays
Rating
Category
Featured
Created
Top 5 AFL Goalkickers by Year
3,287
4.78
Sports
Apr 23, 2010
AFL Captains Since 1990
1,113
3.67
Sports
Apr 13, 2010
AFL Best and Fairests since 2001
1,067
3.67
Sports
Jul 31, 2011
AFL Head Coaches Since 1990
891
4.75
Sports
Apr 12, 2010
AFL - All Australian Ruckmen
442
5.00
Sports
Sep 30, 2010
Go to Creator's Profile
Score Distribution
Quiz Creator Spotlight
tommythecat00
Follow
Send a Message
Quizzes Created
-
Created Quiz Play Count
-
More By This Creator
Popular Quizzes Today
1
Find the 'City' Movie
2
Colored Red Africa Blitz
3
Find the US States - No Outlines Minefield
4
5x2 Blitz: Bands
5
The Countries of the World
6
Find the US States
7
US States
8
9x9 Crossword: Cartoon Network
More Sports Quizzes
1980s Atlanta Hawks Top Scorers
Quiz Lab
Trending Quizzes
Colored Red Europe Blitz I
Colored Red Africa Blitz II
Colored Red Europe Blitz II
Colored Red Africa Blitz III
Colored Red Europe Blitz III
Recently Updated
2024 March Madness Bracket
pecheneg
Famous TV Couples
Peacemaker
Champions League XIs: Real Madrid
pecheneg
Largest US Cities 1790-2010
pecheneg
Rides in Walt Disney World
pecheneg
Most Oscar Losses (Acting)
pecheneg
Beyoncé Albums
pecheneg
Leaping Animals
pecheneg
Reality TV Shows (A-Z)
bhenderson79
Rickey Henderson's Hall of Fame Teammates
pecheneg
Trending Topics
Harry Potter
Marvel
Kpop
Disney
Crossword
Anime
NBA
Puzzle
Country
Soccer
The Office
WWE
NFL
Song
Pokémon
Your Account Isn't Verified!
In order to create a playlist on Sporcle, you need to verify the email address you used during registration. Go to your
Sporcle Settings
to finish the process.
Report this User
Report this user for behavior that violates our
Community Guidelines
.
Details:
Send Report
Go to the Sporcle.com Mobile Site →
Comments